000 03734nam0a2200409 4500
001 RU\NLR\BIBL_A\012690373
005 20230915125851.0
010 _a978-5-907193-72-7
_9500
021 _aRU
_bКН-П-21-065372
_9КН-П-21-5158
035 _a(NLR Aleph) 012690373
035 _a(RuMoRGB)010813854
090 _a12845076
_c12845076
100 _a20220121d2021 m y0rusy50 ca
101 0 _arus
102 _aRU
105 _aa j 000zy
181 0 _ai
_baxxe
182 0 _an
200 1 _aПроектирование образной игрушки. Игровая кукла
_eучебное пособие для студентов высшего образования направления подготовки 54.03.01 Дизайн
_fОзерова О. В., Полякова В. А., Осипова Т. В. [и др.]
_gМинистерство науки и высшего образования Российской Федерации, Сергиево-Посадский институт игрушки филиал федерального государственного бюджетного образовательного учреждения высшего образования "Высшая школа народных искусств (академия)"
203 _aТекст
_bвизуальный
_cнепосредственный
210 _aСанкт-Петербург
_cВШНИ
_d2021
215 _a84 с.
_cил., цв. ил.
_d21
320 _aБиблиогр.: с. 77-83 (109 назв.)
330 _aУчебное пособие адресовано студентам, обучающимся по направлению подготовки "Дизайн" и представляет собой комплекс исторических, теоретических сведений и практических рекомендаций для выполнения учебных заданий дисциплины "Проектирование образной игрушки". В пособии "Проектирование образной игрушки. Игровая кукла" даются общие сведения: по истории происхождения куклы, материалам и технологии производства кукол и изготовлению костюма для куклы. Особое внимание уделено методике проектирования и моделирования куклы. Данное учебное пособие иллюстрировано фотографиями образцов кукол и фотографиями работ студентов
517 1 _aИгровая кукла
606 _aКуклы
_jУчебные издания для высших учебных заведений
_91142578
_3RU\NLR\AUTH\66455054
606 1 _aКуклы
_jУчебные издания для высших учебных заведений
_xПроизводство
_91437383
_3RU\NLR\AUTH\66607930
675 _a745/746:004.92(075.8)
_v4
686 1 _aМ743.2я73-1
686 1 _aЩ126.7 я73
701 1 _aОзерова
_bО. В.
_cканд. пед. наук
_gОльга Викторовна
_9230463
_3RU\NLR\AUTH\770230519
701 1 _aПолякова
_bВ. А.
_cмузейный работник, культуролог
_gВера Алексеевна
_9206448
_3RU\NLR\AUTH\770206500
701 1 _7ca
_8rus
_aОсипова
_bТ. В.
_cспециалист в области игрушки
_gТатьяна Валентиновна
_9214327
_3RU\NLR\AUTH\770214383
942 _cBOOK
980 _aNB